000 00448nam a2200169Ia 4500
003 GCL
008 140319s9999 xx 000 0 ara d
040 _aGCL /
_cGCL
082 0 4 _a811.094
_bط ح
100 1 _aطلعت الرفاعى
245 1 0 _aحسناء قاهرتى /
_cطلعت الرفاعى
300 _a276 ص
490 _a
650 0 4 _aالشعر
650 0 4 _aالشعر العربى - العصر الحديث
942 _2ddc
_cBK
999 _c44703
_d44703